000 00581nam a2200181 a 4500
001 000035848
005 20200930074648.0
008 111115s1955 fr 000 0 spa d
040 _aDO-SdBNP
_bspa
_cBNPHU
100 1 _aDagognet, F.
_961825
245 1 0 _aPhilosophie biologique /
_cF. Dagognet.
260 _aParis :
_bPresses Universitaires de France,
_c1955.
300 _a106 p. ;
_c20 cm.
490 1 _aInitiation Philosophique
590 _aPerteneció a la biblioteca personal de Juan Isidro Jimenes Grullón
830 0 _aInitiation Philosophique
_961826
049 _aBNPD
999 _c35339
_d35339